| 000 | 00801cab a2200241 4500 | ||
|---|---|---|---|
| 001 | WB2920-09 | ||
| 008 | 090401t1993 xxu||||| |||| 00| 0 eng d | ||
| 035 | _a(Sirsi) u38032 | ||
| 041 | _aeng | ||
| 245 | _aBZW warns on effects of privity | ||
| 260 | _c1993 | ||
| 350 | _a0 | ||
| 490 |
_aEstates Times _v(9320) 22 May 1993, 35(1) |
||
| 520 | _aA report by BZW, "Privity of contract and the debenture market" warns of new legislation`s possible effects on the raising of property finance. | ||
| 650 | _aLEASE REFORM | ||
| 650 | _aLEASES | ||
| 650 | _aPRIVITY OF CONTRACT | ||
| 650 | _aREFORM | ||
| 690 | _aPROPERTY-COMMERCIAL PROPERTY-COMMERCIAL PROPERTY FINANCE AND INVESTMENT | ||
| 690 | _aPROPERTY-COMMERCIAL PROPERTY-COMMERCIAL PROPERTY MARKET | ||
| 942 | _n0 | ||
| 948 | _c04/03/1997 | ||
| 999 |
_c24443 _d24443 |
||